100m: Sprint Through the Years: The Top 10 Fastest Men Since 2001 - Statistics

General Stats
  • This quiz has been taken 20 times
    2 since last reset
  • The average score is 180 of 262
Answer Stats
Year Position Athlete Time Nationality % Correct
2025 7 Abdul-Rasheed Saminu 9.84 Ghana
100%
2023 9 Ackeem Blake 9.89 Jamaica
100%
2024 6 Akani Simbine 9.82 South Africa
100%
2021 6 Akani Simbine 9.84 South Africa
100%
2020 3 Akani Simbine 9.91 South Africa
100%
2019 6 Akani Simbine 9.92 South Africa
100%
2018 9 Akani Simbine 9.93 South Africa
100%
2017 4 Akani Simbine 9.92 South Africa
100%
2016 5 Akani Simbine 9.89 South Africa
100%
2016 8 Asafa Powell 9.92 Jamaica
100%
2015 3 Asafa Powell 9.81 Jamaica
100%
2014 3 Asafa Powell 9.87 Jamaica
100%
2012 4 Asafa Powell 9.85 Jamaica
100%
2011 2 Asafa Powell 9.78 Jamaica
100%
2010 3 Asafa Powell 9.82 Jamaica
100%
2009 3 Asafa Powell 9.82 Jamaica
100%
2008 2 Asafa Powell 9.72 Jamaica
100%
2007 1 Asafa Powell 9.74 Jamaica
100%
2006 1 Asafa Powell 9.77 Jamaica
100%
2005 1 Asafa Powell 9.77 Jamaica
100%
2004 3 Asafa Powell 9.87 Jamaica
100%
2021 4 Bingtian Su 9.83 China
100%
2018 5 Bingtian Su 9.91 China
100%
2002 8 Brian Lewis 9.99 USA
100%
2025 4 Bryan Levell 9.82 Jamaica
100%
2025 9 Christian Coleman 9.86 USA
100%
2024 8 Christian Coleman 9.86 USA
100%
2023 1 Christian Coleman 9.83 USA
100%
2022 8 Christian Coleman 9.87 USA
100%
2019 1 Christian Coleman 9.76 USA
100%
2018 1 Christian Coleman 9.79 USA
100%
2017 1 Christian Coleman 9.82 USA
100%
2025 4 Courtney Lindsey 9.82 USA
100%
2023 9 Courtney Lindsey 9.89 USA
100%
2007 9 Darrel Brown 10.02 Trinidad and Tobago
100%
2005 5 Darrel Brown 9.99 Trinidad and Tobago
100%
2025 10 Eugene Amo-Dadzie 9.87 UK
100%
2024 2 Ferdinand Omanyala 9.79 Kenya
100%
2023 4 Ferdinand Omanyala 9.84 Kenya
100%
2022 3 Ferdinand Omanyala 9.85 Kenya
100%
2021 2 Ferdinand Omanyala 9.77 Kenya
100%
2024 4 Fred Kerley 9.81 USA
100%
2023 7 Fred Kerley 9.88 USA
100%
2022 1 Fred Kerley 9.76 USA
100%
2021 6 Fred Kerley 9.84 USA
100%
2007 7 Joshua J. Johnson 10.01 USA
100%
2002 4 Joshua J. Johnson 9.95 USA
100%
2019 4 Justin Gatlin 9.87 USA
100%
2017 4 Justin Gatlin 9.92 USA
100%
2016 1 Justin Gatlin 9.80 USA
100%
2015 1 Justin Gatlin 9.74 USA
100%
2014 1 Justin Gatlin 9.77 USA
100%
2013 2 Justin Gatlin 9.85 USA
100%
2012 3 Justin Gatlin 9.79 USA
100%
2005 2 Justin Gatlin 9.88 USA
100%
2004 1 Justin Gatlin 9.85 USA
100%
2003 4 Justin Gatlin 9.97 USA
100%
2014 9 Kemar Bailey-Cole 9.96 Jamaica
100%
2013 7 Kemar Bailey-Cole 9.93 Jamaica
100%
2014 5 Kemarley Brown 9.93 Jamaica
100%
2025 3 Kenneth Bednarek 9.79 USA
100%
2021 9 Kenneth Bednarek 9.89 USA
100%
2025 1 Kishane Thompson 9.75 Jamaica
100%
2024 1 Kishane Thompson 9.77 Jamaica
100%
2023 5 Kishane Thompson 9.85 Jamaica
100%
2024 7 Lamont Marcell Jacobs 9.85 Italy
100%
2021 3 Lamont Marcell Jacobs 9.80 Italy
100%
2024 8 Letsile Tebogo 9.86 Botswana
100%
2023 7 Letsile Tebogo 9.88 Botswana
100%
2021 8 Marvin Bracy 9.85 USA
100%
2004 3 Maurice Greene 9.87 USA
100%
2003 2 Maurice Greene 9.94 USA
100%
2002 1 Maurice Greene 9.89 USA
100%
2001 1 Maurice Greene 9.82 USA
100%
2025 6 Mccallum T'Mars 9.83 USA
100%
2012 10 Michael Frater 9.94 Jamaica
100%
2011 8 Michael Frater 9.88 Jamaica
100%
2020 1 Michael Norman 9.86 USA
100%
2014 9 Nesta Carter 9.96 Jamaica
100%
2013 3 Nesta Carter 9.87 Jamaica
100%
2011 9 Nesta Carter 9.89 Jamaica
100%
2010 1 Nesta Carter 9.78 Jamaica
100%
2009 5 Nesta Carter 9.91 Jamaica
100%
2024 2 Noah Lyles 9.79 USA
100%
2023 1 Noah Lyles 9.83 USA
100%
2020 9 Noah Lyles 10.04 USA
100%
2019 2 Noah Lyles 9.86 USA
100%
2018 3 Noah Lyles 9.88 USA
100%
2025 2 Oblique Seville 9.77 Jamaica
100%
2024 5 Oblique Seville 9.81 Jamaica
100%
2023 6 Oblique Seville 9.86 Jamaica
100%
2022 6 Oblique Seville 9.86 Jamaica
100%
2003 1 Patrick Johnson 9.93 Australia
100%
2014 2 Richard Thompson 9.82 Trinidad and Tobago
100%
2011 7 Richard Thompson 9.85 Trinidad and Tobago
100%
2009 7 Richard Thompson 9.93 Trinidad and Tobago
100%
2008 4 Richard Thompson 9.89 Trinidad and Tobago
100%
2011 4 Steve Mullings 9.80 Jamaica
100%
2025 7 Trayvon Bromell 9.84 USA
100%
2022 2 Trayvon Bromell 9.81 USA
100%
2021 1 Trayvon Bromell 9.76 USA
100%
2020 2 Trayvon Bromell 9.90 USA
100%
2016 3 Trayvon Bromell 9.84 USA
100%
2015 4 Trayvon Bromell 9.84 USA
100%
2015 8 Tyson Gay 9.87 USA
100%
2014 5 Tyson Gay 9.93 USA
100%
2012 5 Tyson Gay 9.86 USA
100%
2011 3 Tyson Gay 9.79 USA
100%
2010 1 Tyson Gay 9.78 USA
100%
2009 2 Tyson Gay 9.69 USA
100%
2008 3 Tyson Gay 9.77 USA
100%
2007 2 Tyson Gay 9.84 USA
100%
2006 2 Tyson Gay 9.84 USA
100%
2017 9 Usain Bolt 9.95 Jamaica
100%
2016 2 Usain Bolt 9.81 Jamaica
100%
2015 2 Usain Bolt 9.79 Jamaica
100%
2013 1 Usain Bolt 9.77 Jamaica
100%
2012 1 Usain Bolt 9.63 Jamaica
100%
2011 1 Usain Bolt 9.76 Jamaica
100%
2010 3 Usain Bolt 9.82 Jamaica
100%
2009 1 Usain Bolt 9.58 Jamaica
100%
2008 1 Usain Bolt 9.69 Jamaica
100%
2022 3 Yohan Blake 9.85 Jamaica
100%
2019 10 Yohan Blake 9.96 Jamaica
100%
2017 2 Yohan Blake 9.90 Jamaica
100%
2016 10 Yohan Blake 9.93 Jamaica
100%
2012 2 Yohan Blake 9.69 Jamaica
100%
2011 5 Yohan Blake 9.82 Jamaica
100%
2010 7 Yohan Blake 9.89 Jamaica
100%
2021 9 Andre De Grasse 9.89 Canada
50%
2020 4 Andre De Grasse 9.97 Canada
50%
2019 5 Andre De Grasse 9.90 Canada
50%
2016 6 Andre De Grasse 9.91 Canada
50%
2020 9 Andre Ewers 10.04 Jamaica
50%
2020 9 Arthur Cissé 10.04 Ivory Coast
50%
2019 7 Arthur Cissé 9.93 Ivory Coast
50%
2020 6 Aska Cambridge 10.03 Japan
50%
2001 2 Ato Boldon 9.88 Trinidad and Tobago
50%
2005 5 Aziz Zakari 9.99 Ghana
50%
2004 8 Aziz Zakari 10.00 Ghana
50%
2001 7 Aziz Zakari 10.04 Ghana
50%
2022 9 Benjamin Azamati 9.90 Ghana
50%
2024 8 Benjamin Richardson 9.86 South Africa
50%
2002 8 Bernard Williams 9.99 USA
50%
2001 3 Bernard Williams 9.94 USA
50%
2017 6 Christopher Belcher 9.93 USA
50%
2012 8 Churandy Martina 9.91 Netherlands
50%
2009 10 Churandy Martina 9.97 Netherlands Antilles
50%
2008 8 Churandy Martina 9.93 Netherlands Antilles
50%
2007 9 Clement Campbell 10.02 Jamaica
50%
2009 4 Darvis Patton 9.89 USA
50%
2008 4 Darvis Patton 9.89 USA
50%
2003 9 Darvis Patton 10.00 USA
50%
2019 2 Divine Oduduru 9.86 Nigeria
50%
2001 5 Dwain Chambers 9.99 UK
50%
2005 9 Dwight Thomas 10.00 Jamaica
50%
2022 9 Elijah Hall 9.90 USA
50%
2016 6 Femi Ogunode 9.91 Qatar
50%
2015 9 Femi Ogunode 9.91 Qatar
50%
2014 5 Femi Ogunode 9.93 Qatar
50%
2006 5 Francis Obikwelu 9.99 Portugal
50%
2004 2 Francis Obikwelu 9.86 Portugal
50%
2002 10 Francis Obikwelu 10.01 Portugal
50%
2001 4 Francis Obikwelu 9.98 Nigeria
50%
2003 9 Frank Fredericks 10.00 Namibia
50%
2002 2 Frank Fredericks 9.94 Namibia
50%
2001 10 Frank Fredericks 10.06 Namibia
50%
2025 10 Gift Leotlela 9.87 South Africa
50%
2021 9 Isiah Young 9.89 USA
50%
2018 8 Isiah Young 9.92 USA
50%
2023 9 Issamade Asinga 9.89 Suriname
50%
2010 8 Ivory Williams 9.95 USA
50%
2009 7 Ivory Williams 9.93 USA
50%
2008 9 Ivory Williams 9.94 USA
50%
2016 8 Jak Ali Harvey 9.92 Turkey
50%
2013 6 James Dasaolu 9.91 UK
50%
2018 5 Jimmy Vicaut 9.91 France
50%
2016 4 Jimmy Vicaut 9.86 France
50%
2015 5 Jimmy Vicaut 9.86 France
50%
2014 8 Jimmy Vicaut 9.95 France
50%
2013 8 Jimmy Vicaut 9.95 France
50%
2002 5 Jon Drummond 9.97 USA
50%
2020 6 Julian Forte 10.03 Jamaica
50%
2017 3 Julian Forte 9.91 Jamaica
50%
2016 10 Kim Collins 9.93 Saint Kitts and Nevis
50%
2014 9 Kim Collins 9.96 Saint Kitts and Nevis
50%
2013 10 Kim Collins 9.97 Saint Kitts and Nevis
50%
2005 9 Kim Collins 10.00 Saint Kitts and Nevis
50%
2004 8 Kim Collins 10.00 Saint Kitts and Nevis
50%
2003 7 Kim Collins 9.99 Saint Kitts and Nevis
50%
2002 6 Kim Collins 9.98 Saint Kitts and Nevis
50%
2001 7 Kim Collins 10.04 Saint Kitts and Nevis
50%
2020 9 Kyree King 10.04 USA
50%
2010 8 Mario Forsythe 9.95 Jamaica
50%
2022 3 Marvin Bracy-Williams 9.85 USA
50%
2022 6 Micah Williams 9.86 USA
50%
2018 4 Michael Rodgers 9.89 USA
50%
2015 5 Michael Rodgers 9.86 USA
50%
2014 4 Michael Rodgers 9.91 USA
50%
2013 4 Michael Rodgers 9.90 USA
50%
2012 10 Michael Rodgers 9.94 USA
50%
2011 6 Michael Rodgers 9.85 USA
50%
2009 9 Michael Rodgers 9.94 USA
50%
2011 9 Ngonidzashe Makusha 9.89 Zimbabwe
50%
2013 4 Nickel Aashmeade 9.90 Jamaica
50%
2015 9 Nickel Ashmeade 9.91 Jamaica
50%
2012 9 Nickel Ashmeade 9.93 Jamaica
50%
2001 6 Nobuharu Asahara 10.02 Japan
50%
2006 3 Olusoji Adetokunbo Fasuba 9.85 Nigeria
50%
2023 9 Pjai Austin 9.89 USA
50%
2020 6 Rai Benjamin 10.03 USA
50%
2008 10 Rodney Martin 9.95 USA
50%
2005 5 Ronald Pognon 9.99 France
50%
2021 4 Ronnie Baker 9.83 USA
50%
2020 5 Ronnie Baker 10.00 USA
50%
2018 2 Ronnie Baker 9.87 USA
50%
2007 6 Samuel Francis 9.99 Qatar
50%
2017 9 Thando Roto 9.95 South Africa
50%
2008 4 Travis Padgett 9.89 USA
50%
2006 7 Travis Padgett 10.00 USA
50%
2010 8 Trell Kimmons 9.95 USA
50%
2007 9 Trindon Holliday 10.02 USA
50%
2010 5 Walter Dix 9.88 USA
50%
2008 7 Walter Dix 9.91 USA
50%
2007 4 Walter Dix 9.93 USA
50%
2017 8 Wayde van Niekerk 9.94 South Africa
50%
2020 9 Yoshihide Kiryu 10.04 Japan
50%
2023 1 Zharnel Hughes 9.83 UK
50%
2019 9 Zharnel Hughes 9.95 UK
50%
2018 5 Zharnel Hughes 9.91 UK
50%
2018 9 Cameron Burrell 9.93 USA
0%
2017 6 Cameron Burrell 9.93 USA
0%
2014 9 Chijindu Ujah 9.96 UK
0%
2004 7 Coby Miller 9.99 USA
0%
2002 6 Coby Miller 9.98 USA
0%
2019 7 Cravon Gillespie 9.93 USA
0%
2009 5 Daniel Bailey 9.91 Antigua and Barbuda
0%
2003 3 Deji Aliu 9.95 Nigeria
0%
2013 9 Dentarius Locke 9.96 USA
0%
2007 3 Derrick Atkins 9.91 Bahamas
0%
2006 8 Jason Smoots 10.01 USA
0%
2004 6 John Capel 9.95 USA
0%
2003 4 John Capel 9.97 USA
0%
2015 5 Keston Bledman 9.86 Trinidad and Tobago
0%
2012 5 Keston Bledman 9.86 Trinidad and Tobago
0%
2006 4 Leonard Scott 9.91 USA
0%
2005 3 Leonard Scott 9.94 USA
0%
2004 10 Leonard Scott 10.01 USA
0%
2001 9 Leonard Scott 10.05 USA
0%
2006 10 Marc Burns 10.02 Trinidad and Tobago
0%
2005 4 Marc Burns 9.96 Trinidad and Tobago
0%
2006 5 Marcus Brunson 9.99 USA
0%
2007 7 Mickey Grimes 10.01 USA
0%
2003 7 Mickey Grimes 9.99 USA
0%
2012 7 Ryan Bailey 9.88 USA
0%
2010 5 Ryan Bailey 9.88 USA
0%
2006 8 Shawn Crawford 10.01 USA
0%
2005 5 Shawn Crawford 9.99 USA
0%
2004 5 Shawn Crawford 9.88 USA
0%
2002 2 Shawn Crawford 9.94 USA
0%
2003 4 Uchenna Emedolu 9.97 Nigeria
0%
2007 5 Wallace Spearmon 9.96 USA
0%
No matching quizzes found
Score Distribution
Percent of People with Each Score
Percentile by Number Answered
Your Score History
You have not taken this quiz since the last reset